01122cam a22002895a 4500999001700000005001700017008004100034020001500075040004000090043001200130082002100142100002100163245013900184260004400323300002500367500002300392650004300415650004900458651001000507653002200517690002700539700004600566710007300612710002800685942000800713952011100721 c26870d2684220181017111856.0891011t1988 enk gr 001 ||eng  a0900559675 aUkbengcUkdUkdEG-ScBUEdEG-ScBUE ae-uk---04a374.941bFRA2221 aFraser, Lindsey.10aEducation from everyday living :ban assessment of community-based courses with unemployed people /cby Lindsey Fraser and Kevin Ward. aLeicester :bNIACE for REPLAN,cc.1988. aiv, 141 p. ;c20 cm. aIncludes Appendix. 7aAdult educationzGreat Britain.2BUEsh 7aUnemployedxEducationzGreat Britain.2BUEsh 2BUEsh bGGENcOctober20187 aSocial Welfare2blcoll1 aWard, Kevin,c(Writer on adult education)2 aNational Institute of Adult Continuing Education (England and Wales)1 aGreat Britain.bReplan. 2ddc 00102ddc4070aMAINbMAINc1STd2018-10-10eDonationl0o374.941 FRAp000043229r2025-07-15 00:00:00yBB